000 00805nam a2200229 i 4500
003 DO-SdBNP
005 20250129070825.0
007 ta
008 240307b1990 dr ac||| |||| 00| 0 spa d
040 _aDO-SdBNP
_bspa
_cBNPHU
_erda
082 4 _axxx
_bR426p
_222
110 1 _aRepública Dominicana.
_bSecretaría de Estado de Educación Bellas Artes y Cultos
_984970
245 1 0 _aPlan decenal de educación :
_bdocumento sobre las consultas regionales, guia de trabajo
264 _aSanto Domingo :
_bEditora Secretaria de Estado de Educación Bellas Artes y Cultos,
_c1990.
300 _a21 páginas ;
_c22 cm.
336 _atexto
_btxt
_2rdacontent
337 _asin mediación
_bn
_2rdamedia
338 _avolumen
_bnc
_2rdacarrier
590 _aInventariado, 2024/DG
910 _aDG
942 _2ddc
_cLF2
999 _c56056
_d56056